000 02312cam a22005054i 4500
003 PE-LiUPU
005 20250731173005.0
008 150623s1998 miu rb 000 0 eng d
020 _a0802843638
035 _a(Sirsi) i9780802843630
040 _aPE-LiUPU
_bspa
_cPE-LiUPU
_erda
049 _aPRUA
082 0 4 _a221.446
_bK38
_221
100 1 _aPage H, Kelly.,
_eautor.
245 1 4 _aThe Masorah of Biblia Hebraica Stuttgartensia :
_bintroduction and annotated glossary /
_cPage H. Kelley, Daniel S. Mynatt, Timothy G. Crawford.
264 1 _aMichigan :
_bWilliam B. Eerdmans Publishing Co.,
_c1998.
300 _a241 páginas ;
_c26 centímetros
336 _atext
_2rdacontent
337 _aunmediated
_2rdamedia
338 _avolume
_2rdacarrier
504 _aIncluye bibliografía.
505 0 _aHistory of the Masorah -- The Proto-Masoretic Text -- Working Winth Masoretic Notes -- Masotah Parva Notes -- Important Items in the Masoretic Apparatus.imagen -- La actitud del inmigrante -- Motivación es la clave -- La actitud hace la diferencia -- Usted. Sí, usted. tiene lo que se necesita -- Es imprescindible un programa de metas -- Un programa de metas: la clave para un éxito equilibrado -- Cómo alcanzar sus metas -- Cómo levantarse y mantenerse de pie cuando lo han tumbado -- Compromiso+valor+disciplina=Libertad -- Un buen final.
526 _aSEG42
526 _aSEG41
526 _aSEG40
526 _aSEG39
526 _aP94
526 _aP87
526 _aP86
526 _aP85
526 _aP77
526 _aP76
526 _aP35
630 _aBiblia.
_pA.T.
_lHebreo.
_sBiblia Hebraica Stuttgartensia.
630 _aBiblia.
_pA.T.
_xCrítica, textual.
650 0 4 _aMasorah
_xIndices
700 1 _aCrawford, Timothy G.1957-,
_eautor.
700 1 _aMynatt, Daniel S.,
_d1962-,
_eautor.
942 _2ddc
_cBOOK
949 _a221.446 K38
_wDEWEY
_c1
_i45662
_lCCODEBUL1
_mBUL
_r0
_sY
_tBOOK
_u2015-6-24
_xTEOLOGIA
_PP35
_0COMPRA
_o.STAFF. Colección General
994 _aC0
_bPEPRU
596 _a1
999 _a221.446 K38
_wDEWEY
_c22539
_i45662
_d22539
_e2019-10-13
_f2021-11-9
_g5
_lCCODEBUL1
_mBUL
_n3
_p26.00
_q2
_r0
_sY
_tBOOK
_u2015-6-24
_xTEOLOGIA
_PP35
_0COMPRA
_o.STAFF. Colección Teología
980 _81
_gALBERTO SANCHEZ Responsable de Automatización